[Event "Baden-Baden op"]
[Site "Baden-Baden"]
[Date "1993.??.??"]
[Round "6"]
[White "Schlosser, Philipp"]
[Black "Schmaltz, Roland"]
[Result "1/2-1/2"]
[WhiteElo "2550"]
[BlackElo "2410"]

1.Nf3 g6 2.d4 Bg7 3.c4 d6 4.Nc3 Nf6 5.e4 O-O 6.Be2 e5 7.O-O exd4 8.Nxd4 Re8
9.f3 c6 10.Kh1 Nh5 11.g4 Nf6 12.Rg1 Na6 13.Bf4 h5 14.g5 Nh7 15.Qd2 Qe7 16.Rad1 Nf8
17.a3 Be5 18.Be3 Nc7 19.f4 Bg7 20.Bf3 Bd7 21.Bf2 Red8 22.Nde2 Be6 23.b3 d5
24.cxd5 cxd5 25.exd5 Qxa3 26.Bd4 Bxd4 27.Nxd4 Bxd5 28.Nxd5 Nxd5 29.Nc2 Qxb3
30.Bxd5 Rxd5 31.Qxd5 Qxc2 32.Qxb7 Re8 33.Ra1 a5 34.Qd5 Ne6 35.Rgc1 Qb2 36.Qa2 Qd4
37.Qc4 Qb2 38.Rxa5 Rd8 39.Ra2 Qb7+ 40.Rg2 Kh7 41.f5 Rd2 42.Qc6 Rd1+ 43.Rg1 Rxg1+
44.Kxg1 Qa7+ 45.Kh1 gxf5 46.g6+ Kxg6 47.Rg1+ Kf6 48.Qc3+ Ke7 49.Qb4+ Ke8
50.Rg8+ Kd7 51.Qb5+ Ke7 52.Qxf5 Qb7+ 53.Kg1 Qb6+ 54.Qf2 Qb1+ 55.Qf1 Qb6+
56.Kh1 Qc6+ 57.Rg2 Qe4 58.Qe2 Qd5 59.h3 Qf5 60.Qe3 Qd5 61.Kh2 Qa5 62.Qg3 Qb4
63.Qe5 Qf4+ 64.Qxf4 Nxf4 65.Rf2 Ng6 66.Kg3 Ke6 67.Re2+ Kf5 68.h4 Ne5 69.Ra2 f6
70.Ra8 Kg6 71.Kf4 Nd3+ 72.Ke4 Nf2+ 73.Kf3 Ng4 74.Kf4 Nh6 75.Ra1 Kf7 76.Ke4 Kg6
77.Rg1+ Kf7 78.Rg3 Ng4 79.Rf3 Nh2 80.Rf4 Ng4 81.Kd5 Ne3+ 82.Kd6 Ng2 83.Ra4 f5
84.Ke5 f4 85.Ra7+ Kg6 86.Ke4 Nxh4 87.Kxf4 Ng2+ 88.Ke4 Kf6 89.Ra5 Nh4 90.Rxh5 Ng6  1/2-1/2

[Event "Baden-Baden op"]
[Site "Baden-Baden"]
[Date "1993.??.??"]
[Round "9"]
[White "Bischoff, Klaus"]
[Black "Schmaltz, Roland"]
[Result "1-0"]
[WhiteElo "2515"]
[BlackElo "2410"]

1.c4 g6 2.Nc3 Bg7 3.d4 Nf6 4.e4 d6 5.Be2 O-O 6.Nf3 e5 7.O-O exd4 8.Nxd4 Re8
9.f3 Nh5 10.g4 Nf6 11.Bg5 h6 12.Be3 h5 13.g5 Nh7 14.h4 Nc6 15.f4 f5 16.Bf3 Ne7
17.Qd2 fxe4 18.Bxe4 Bh3 19.Rfe1 Qd7 20.Kh2 Rad8 21.Bf2 Nf8 22.Nd5 c5 23.Nxe7+ Rxe7
24.Bd5+ Kh7 25.Rxe7 Qxe7 26.Kxh3 cxd4 27.Re1 Qd7+ 28.Kg2 b5 29.cxb5 Qxb5
30.Bf3 Qf5 31.Bxd4 Ne6 32.Bxg7 Nxf4+ 33.Kg1 Kxg7 34.Qd4+ Kg8 35.Re7 Qc5 36.Qxc5 dxc5
37.Kf2 Nd3+ 38.Kg3 Nxb2 39.Be4 Rd6 40.Rxa7 Nc4 41.a4 Nd2 42.Bc2 c4 43.a5 Nb3
44.Kf4 Nd4 45.Ke5 Rd8 46.Be4 Nb5 47.Ra8 Rxa8 48.Bxa8 c3 49.Be4 Kf7 50.a6 Na7
51.Kd6 Kg7 52.Bb1  1-0

[Event "Balatonbereny op"]
[Site "Balatonbereny"]
[Date "1993.??.??"]
[Round "3"]
[White "Lavrov, Andrey"]
[Black "Micic, Jordanka"]
[Result "1-0"]
[WhiteElo "2385"]
[BlackElo "2280"]

1.d4 Nf6 2.c4 g6 3.Nc3 Bg7 4.e4 d6 5.Nf3 O-O 6.Be2 e5 7.O-O Na6 8.d5 Nc5
9.Qc2 a5 10.Bg5 h6 11.Be3 Ne8 12.Ne1 b6 13.Nd3 f5 14.f3 f4 15.Bf2 g5 16.a3 h5
17.Nxc5 bxc5 18.b4 axb4 19.axb4 Rxa1 20.Rxa1 cxb4 21.Na2 g4 22.Nxb4 Qg5 23.Kh1 g3
24.Bg1 gxh2 25.Bf2 h4 26.Nc6 Bd7 27.c5 Kh8 28.Nb8 h3 29.Bf1 Bb5 30.gxh3 Bxf1
31.Rxf1 Qh5 32.Be1 Rg8 33.Nd7 Bf6 34.cxd6 cxd6 35.Nxf6 Nxf6 36.Kxh2 Qg6 37.Qf2 Nh5
38.Rg1 Ng3 39.Qc2 Kh7 40.Bxg3 fxg3+ 41.Kg2 Qg5 42.Rb1 Rg7 43.Rb6 Qe3 44.Rb3 Qf4
45.Ra3 Rf7 46.Qc3 Qf6 47.Ra8 Qg5 48.Re8 Ra7 49.Qb2 Rf7 50.Qc3 Ra7 51.Qb2 Rf7
52.Rc8 Qe3 53.Rc3 Qf4 54.Rb3 Kg7 55.Qc3 Ra7 56.Rb2 Rf7 57.Ra2 Kh7 58.Ra6 Qf6
59.Rc6 Qd8 60.Qa3 Rb7 61.Rxd6 Qb8 62.Re6 Rb2+ 63.Kxg3 Qg8+ 64.Kh4 Rg2 65.Qe7+ Rg7
66.Qe8  1-0

[Event "Balatonbereny op"]
[Site "Balatonbereny"]
[Date "1993.??.??"]
[Round "7"]
[White "Gross, Stefan"]
[Black "Farago, Sandor"]
[Result "1-0"]
[WhiteElo "2330"]
[BlackElo "2375"]

1.Nf3 d6 2.d4 Nf6 3.c4 g6 4.Nc3 Bg7 5.e4 O-O 6.Be2 e5 7.Be3 Nbd7 8.d5 Ng4
9.Bg5 f6 10.Bh4 Nh6 11.Nd2 c5 12.dxc6 bxc6 13.b4 a5 14.a3 axb4 15.axb4 Rxa1
16.Qxa1 Qb6 17.Qa3 g5 18.Bg3 f5 19.f3 Nf6 20.c5 dxc5 21.bxc5 Qc7 22.exf5 Nxf5
23.Nde4 Nxe4 24.Nxe4 Nd4 25.Bc4+ Kh8 26.O-O Qe7 27.Nd6 Be6 28.Qa2 Bxc4 29.Qxc4 Nf5
30.Qd3 Nxg3 31.hxg3 Qe6 32.g4 Qf6 33.Qe4 Qf4 34.Rb1 Qd2 35.Nf5 Qd7 36.Rb6 Rc8
37.Nd6 Rf8 38.Qxc6 Qe6 39.Nf5 Qc4 40.Nxg7 Qc1+ 41.Kh2 Qf4+ 42.Kh3 Kxg7 43.Qh6+ Kg8
44.Rb7 Rf7 45.Rb8+ Rf8 46.Rxf8+ Qxf8 47.Qxg5+ Kh8 48.Qxe5+ Kg8 49.Qe6+ Kg7
50.c6 Qf4 51.Qe7+  1-0

[Event "Barbera op"]
[Site "Barbera"]
[Date "1993.??.??"]
[Round "5"]
[White "Garcia Ilundain, David"]
[Black "Bordell Rosell, Roman"]
[Result "1-0"]
[WhiteElo "2475"]
[BlackElo "2275"]

1.d4 Nf6 2.Nf3 g6 3.c4 Bg7 4.Nc3 O-O 5.e4 d6 6.Be2 e5 7.O-O Nbd7 8.Be3 c6
9.d5 c5 10.Ne1 Ne8 11.g4 Qe7 12.Kh1 Kh8 13.a3 b6 14.Rg1 Rg8 15.Qd2 Nc7 16.b4 Bb7
17.Rb1 Rab8 18.Nc2 Qf8 19.a4 f6 20.a5 Qf7 21.Na3 Qe7 22.bxc5 bxc5 23.Ncb5 Nxb5
24.cxb5 Qf7 25.Nc4 Bf8 26.f3 Be7 27.Rg2 f5 28.g5 f4 29.Bf2 Kg7 30.Bh4 Rh8
31.Bd3 Bc8 32.Qe2 h6 33.b6 axb6 34.Nxb6 Nxb6 35.Rxb6 Bh3 36.Rg1 hxg5 37.Rxb8 Rxb8
38.Bxg5 Bxg5 39.Rxg5 Qe7 40.Rg1 Rb4 41.Qa2 Qa7 42.Qf2 Qe7 43.a6 Ra4 44.Qb2 Kh6
45.Qb8 Qg7 46.Qxd6 c4 47.Bf1 Bxf1 48.Rxf1 Kh5 49.Qe6 g5 50.Qe8+ Kh4 51.Qxa4 g4
52.Rg1 g3 53.Qe8 c3 54.hxg3+ fxg3 55.Kg2 Kg5 56.Qc8 Qa7 57.Qf5+  1-0

[Event "Barbera op"]
[Site "Barbera"]
[Date "1993.??.??"]
[Round "6"]
[White "Pomes Marcet, Juan"]
[Black "Mateu, Xavier"]
[Result "1/2-1/2"]
[WhiteElo "2410"]
[BlackElo "2285"]

1.d4 Nf6 2.c4 g6 3.Nc3 Bg7 4.e4 d6 5.Nf3 O-O 6.Be2 Na6 7.O-O e5 8.d5 Nc5
9.Bg5 a5 10.Nd2 h6 11.Bh4 Qe8 12.f3 Nh5 13.b3 f5  1/2-1/2

[Event "Barcelona op9394"]
[Site "Barcelona"]
[Date "1993.??.??"]
[Round "7"]
[White "Fernandez Aguado, Enrique"]
[Black "Glavina, Pablo"]
[Result "1/2-1/2"]
[WhiteElo "2360"]
[BlackElo "2405"]

1.d4 Nf6 2.Nf3 g6 3.c4 Bg7 4.Nc3 O-O 5.e4 d6 6.Be2 Na6 7.O-O e5 8.Re1 exd4
9.Nxd4 Re8 10.Bf1 Nc5 11.f3 a5 12.Ndb5 Be6 13.Bg5 Re7 14.Qd2 Rd7 15.Qe3 Qf8
16.Rad1 Ne8 17.Qf2 c6 18.Nd4 f6 19.Be3 Re7 20.Nxe6 Nxe6 21.c5 Nxc5 22.Bxc5 dxc5
23.Qxc5 Re5 24.Qxf8+ Bxf8 25.f4 Bc5+ 26.Kh1 Re7 27.e5 fxe5 28.Rxe5 Rxe5 29.fxe5 b5
30.Ne4 Be7  1/2-1/2

[Event "Oberliga Bayern9394"]
[Site "Bayern"]
[Date "1993.??.??"]
[Round "?"]
[White "Kaiser, Wolfgang"]
[Black "Pohl Kuemmel, Jens Uwe"]
[Result "1-0"]
[WhiteElo "2355"]
[BlackElo "2295"]

1.d4 Nf6 2.c4 g6 3.Nc3 Bg7 4.e4 d6 5.Nf3 O-O 6.Be2 e5 7.O-O Nbd7 8.Re1 c6
9.Bf1 a5 10.Rb1 Re8 11.d5 Nc5 12.b3 Bd7 13.Nd2 Nh5 14.g3 f5 15.a3 Nf6 16.b4 axb4
17.axb4 Na6 18.Ba3 Nc7 19.Ra1 Kh8 20.Bb2 f4 21.Rxa8 Nxa8 22.c5 dxc5 23.bxc5 fxg3
24.hxg3 Qa5 25.Nc4 Qxc5 26.Na4 Qf8 27.Nxe5 cxd5 28.Nxd7 Nxd7 29.Qxd5 Ndb6
30.Bxg7+ Qxg7 31.Nxb6 Nxb6 32.Qb5 Re6 33.Bh3 Rc6 34.e5 Nc8 35.Rd1 Qc7 36.e6 Ne7
37.Qb2+ Kg8 38.Qf6 Nf5 39.Rd8+  1-0

[Event "JUG-chT2"]
[Site "Becici"]
[Date "1993.??.??"]
[Round "4"]
[White "Cvetkovic, Srdjan"]
[Black "Tosic, Miroslav"]
[Result "1/2-1/2"]
[WhiteElo "2500"]
[BlackElo "2440"]

1.c4 g6 2.e4 Bg7 3.d4 d6 4.Nc3 Nf6 5.Nf3 O-O 6.Be2 c6 7.O-O e5 8.Re1 exd4
9.Nxd4 Re8 10.f3 Na6 11.Be3 Nc7 12.Qd2 Bd7 13.Rad1 d5 14.exd5 cxd5 15.c5 Qe7
16.Bb5 Qf8 17.Bxd7 Nxd7 18.Ndb5 Nxb5 19.Nxb5 d4 20.Bxd4 Rxe1+ 21.Rxe1 Bxd4+
22.Qxd4 Qxc5 23.Qxc5 Nxc5 24.Re7 Rd8 25.b4 Rd1+ 26.Kf2 Rb1 27.a3 a5 28.bxc5 Rxb5
29.Rc7 Rb3 30.a4 Kg7 31.g4 g5 32.Kg3 Rb4 33.h4 gxh4+ 34.Kxh4 Rxa4 35.Rxb7 Rc4
36.Rc7 a4 37.c6 a3 38.Ra7  1/2-1/2

[Event "JUG-chT2"]
[Site "Becici"]
[Date "1993.??.??"]
[Round "6"]
[White "Vukanovic, Sasa"]
[Black "Aleksic, Nenad"]
[Result "1/2-1/2"]
[WhiteElo "2315"]
[BlackElo "2415"]

1.Nf3 Nf6 2.c4 g6 3.Nc3 Bg7 4.e4 d6 5.d4 O-O 6.Be2 e5 7.Be3 Ng4 8.Bg5 f6
9.Bc1 c6 10.h3 Nh6 11.c5 dxc5 12.dxe5 Nf7  1/2-1/2

[Event "JUG-chT2"]
[Site "Becici"]
[Date "1993.??.??"]
[Round "6"]
[White "Tosic, Miroslav"]
[Black "Damljanovic, Branko"]
[Result "1/2-1/2"]
[WhiteElo "2440"]
[BlackElo "2550"]

1.d4 Nf6 2.c4 g6 3.Nc3 Bg7 4.e4 d6 5.Nf3 O-O 6.Be2 e5 7.O-O Na6 8.Bg5 h6
9.Bxf6 Qxf6 10.d5 Qd8 11.a3 Nc5 12.b4 Nd7 13.g3 h5 14.Qc2 Bh6 15.c5 Nf6 16.a4 Qe7
17.Nb5 Bh3 18.Rfd1 a6 19.Na3 Bg4 20.a5 Nh7 21.c6 bxc6 22.dxc6 Qf6 23.Kg2 Rfb8
24.Rab1 Rc8 25.Ng1 Be6 26.Nc4 h4 27.Nf3 h3+ 28.Kg1 Nf8 29.Nfd2 Kg7 30.Ne3 Bxe3
31.fxe3 Qg5 32.Qc3 Nh7 33.Rf1 Nf6 34.Rf2 Rcb8 35.Rbf1 Ng4 36.Rf4 f6 37.Bxg4 exf4
38.Bxe6 fxg3 39.Bxh3 Qh4 40.Rf3 gxh2+ 41.Kxh2 Rh8 42.Qd4 Rh5 43.Kg2 Rf8 44.Kf1 Qg5
45.Kf2 Qh4+ 46.Ke2 Qg5 47.Kd3 Qb5+ 48.Qc4 Qa4 49.Rg3 Rd8 50.Bg2 Rb5 51.Qe6 Re5
52.Qb3 Qxc6 53.Qc4 Qxc4+ 54.Nxc4 Rb5 55.Kc3 Rdb8 56.Bh3 Rxb4 57.Bf5 Rb1 58.Rxg6+ Kf7
59.Nd2 Rc1+ 60.Kd3 Rb2  1/2-1/2

[Event "Belgrade Trako"]
[Site "Belgrade"]
[Date "1993.??.??"]
[Round "2"]
[White "Sahovic, Dragutin"]
[Black "Damjanovic, Vladimir"]
[Result "1-0"]
[WhiteElo "2390"]
[BlackElo "2320"]

1.d4 Nf6 2.c4 g6 3.Nc3 Bg7 4.e4 d6 5.Nf3 O-O 6.Be2 e5 7.Be3 exd4 8.Nxd4 Re8
9.Qc2 c6 10.O-O-O Qe7 11.f3 d5 12.Bg5 dxc4 13.f4 Qc7 14.e5 Ng4 15.Bxg4 Bxg4
16.Rde1 h6 17.Bh4 Na6 18.Ne4 g5 19.fxg5 Rad8 20.gxh6 Bxh6+ 21.Kb1 Rxd4 22.Nf6+ Kf8
23.Qh7 Bf5+ 24.Qxf5 Rxh4 25.Nxe8 Kxe8 26.e6 Kf8 27.e7+ Ke8 28.Qf6  1-0

[Event "Belgrade Beopromet"]
[Site "Belgrade"]
[Date "1993.??.??"]
[Round "4"]
[White "Ostojic, Nikola"]
[Black "Zontakh, Andrey"]
[Result "1/2-1/2"]
[WhiteElo "2445"]
[BlackElo "2455"]

1.d4 Nf6 2.c4 g6 3.Nc3 Bg7 4.e4 d6 5.Be2 O-O 6.Nf3 e5 7.dxe5 dxe5 8.Qxd8 Rxd8
9.Bg5 c6 10.Nxe5 Re8 11.O-O-O Na6 12.Rd6 Be6 13.f4 h6 14.Bxf6 Bxf6 15.Nf3 Be7
16.Rdd1 f6 17.Nd4 Bf7 18.Nc2 Rad8 19.g3 Nb4 20.Rxd8 Rxd8 21.Rd1 Rxd1+ 22.Kxd1 Nxc2
23.Kxc2 Bc5 24.Kd2 Bg1 25.Ke1 g5 26.f5 Kf8 27.e5 fxe5 28.b3 Bc5 29.Ne4 Bb4+
30.Kd1 Be8 31.Bf3 Bd7 32.g4 Ke7 33.Ke2 Be8 34.Kd1 Bf7 35.Kc2 Kd7 36.Nf6+ Ke7
37.Ne4 Kd7 38.Be2 a5 39.Kb2 Bf8 40.Bd3 Be7 41.Kc2 Bb4 42.Be2 Ba3 43.Bf3 Ke7
44.Be2 Kd7 45.Bd3 Bb4 46.Kd1 Ke7 47.Ke2 Ba3 48.Kf3 Bb4 49.Be2 Ba3 50.Kg2 Bb4  1/2-1/2

[Event "Belgrade Beopromet"]
[Site "Belgrade"]
[Date "1993.??.??"]
[Round "6"]
[White "Ostojic, Nikola"]
[Black "Makarov, Marat"]
[Result "0-1"]
[WhiteElo "2445"]
[BlackElo "2515"]

1.d4 Nf6 2.c4 g6 3.Nc3 Bg7 4.e4 d6 5.Be2 O-O 6.Nf3 e5 7.dxe5 dxe5 8.Qxd8 Rxd8
9.Bg5 Re8 10.Nd5 Nxd5 11.cxd5 c6 12.Bc4 cxd5 13.Bxd5 Nd7 14.Nd2 Nc5 15.Be3 Nd3+
16.Ke2 Nf4+ 17.Bxf4 exf4 18.Kf3 Be6 19.Nc4 Bxd5 20.exd5 Red8 21.Rhd1 Rac8
22.Rac1 Rc5 23.d6 b5 24.Nd2 Rxc1 25.Rxc1 Bxb2 26.Rb1 Bd4 27.Rxb5 Rxd6 28.a4 Rc6
29.Rd5 Bb6 30.Kxf4 Rf6+ 31.Kg3 Bxf2+ 32.Kh3 Rf4 33.g4 Rxa4 34.Rd7 Rd4  0-1

[Event "Belgrade Trako"]
[Site "Belgrade"]
[Date "1993.??.??"]
[Round "8"]
[White "Sahovic, Dragutin"]
[Black "Szuhanek, Ranko"]
[Result "1/2-1/2"]
[WhiteElo "2390"]
[BlackElo "2235"]

1.d4 Nf6 2.c4 g6 3.Nc3 Bg7 4.e4 d6 5.Nf3 O-O 6.Be2 e5 7.d5 a5 8.Bg5 h6 9.Bh4 Qe8
10.Nd2 Bd7 11.b3 Na6 12.a3 Nh7 13.f3  1/2-1/2

[Event "Benasque op"]
[Site "Benasque"]
[Date "1993.??.??"]
[Round "9"]
[White "Mikhalevski, Victor"]
[Black "Ubilava, Elizbar"]
[Result "0-1"]
[WhiteElo "2380"]
[BlackElo "2530"]

1.d4 Nf6 2.c4 g6 3.Nc3 Bg7 4.e4 d6 5.Nf3 O-O 6.Be2 e5 7.O-O c6 8.Be3 exd4
9.Nxd4 Re8 10.Qc2 Qe7 11.f3 d5 12.cxd5 Nxd5 13.Nxd5 cxd5 14.Qb3 Nc6 15.Qxd5 Bxd4
16.Bxd4 Rd8 17.Bc3 Rxd5 18.exd5 Qc5+ 19.Kh1 Qxd5 20.Rfd1 Qc5 21.f4 h5 22.h3 Be6
23.Bf3 Qf5 24.Rd6 Qxf4 25.Rad1 Rf8 26.a3 Bb3 27.R1d2 Re8 28.R2d3 Bc4 29.Rd1 Bb3
30.R1d3 Bc2 31.R3d5 Be4 32.Bxe4 Qxe4 33.Rd1 Qh4 34.Kh2 Rd8 35.Rxd8+ Nxd8
36.Rd7 Qg5 37.Kh1 Kf8 38.Bd2 Qf6 39.Bc3 Qf1+ 40.Kh2 Ke8 41.Rd2 Ne6 42.Be5 g5
43.Bc3 f5 44.Be5 f4  0-1

[Event "Berliner Sommer"]
[Site "Berlin"]
[Date "1993.??.??"]
[Round "?"]
[White "Quist, Johan"]
[Black "Zatulovskaya, Tatiana"]
[Result "1/2-1/2"]
[WhiteElo "2275"]
[BlackElo "2160"]

1.Nf3 Nf6 2.c4 g6 3.Nc3 d6 4.d4 Bg7 5.e4 O-O 6.Be2 e5 7.dxe5 dxe5 8.Qxd8 Rxd8
9.Bg5 Re8 10.Nd5 Nxd5 11.cxd5 c6 12.Bc4 cxd5 13.Bxd5 Nc6 14.Ke2 Be6 15.Bxe6 Rxe6
16.Rhd1 Nd4+ 17.Nxd4 exd4 18.Kd3 Rb6 19.Rab1 f5 20.exf5 gxf5 21.Bd2 Ra6 22.a3 Rg6
23.g3 a5 24.Rdc1 Rb6 25.b3 Bh6 26.Rc4 Bxd2 27.Kxd2 Rd8 28.Kd3 Rh6 29.h4  1/2-1/2

[Event "Berliner Sommer"]
[Site "Berlin"]
[Date "1993.??.??"]
[Round "?"]
[White "Sherbakov, Ruslan"]
[Black "Van der Vorm, Teun"]
[Result "1-0"]
[WhiteElo "2580"]
[BlackElo "2370"]

1.d4 Nf6 2.c4 g6 3.Nc3 Bg7 4.e4 d6 5.Be2 O-O 6.Nf3 e5 7.O-O Qe8 8.dxe5 dxe5
9.Be3 Na6 10.Nd2 Nd7 11.Nb3 Qe7 12.c5 b6 13.Nd5 Qd8 14.c6 Ndb8 15.Bb5 Qd6
16.a3 f5 17.Bg5 Re8 18.Ne7+ Kf7 19.Nxc8 Rxc8 20.Qe2 Nc5 21.Rad1 Nxc6 22.Rxd6  1-0

[Event "Berliner Sommer"]
[Site "Berlin"]
[Date "1993.??.??"]
[Round "?"]
[White "Dyballa, Markus"]
[Black "Mowsziszian, Karen"]
[Result "0-1"]
[WhiteElo "2320"]
[BlackElo "2480"]

1.d4 Nf6 2.c4 g6 3.Nc3 Bg7 4.e4 d6 5.Nf3 O-O 6.Be2 Nbd7 7.O-O e5 8.d5 Nc5
9.Qc2 a5 10.Bg5 h6 11.Be3 b6 12.Nd2 Ng4 13.Bxg4 Bxg4 14.b3 Bd7 15.a3 f5 16.f3 f4
17.Bf2 g5 18.b4 Na6 19.Rab1 axb4 20.axb4 h5 21.Rfc1 g4 22.c5 g3 23.hxg3 fxg3
24.Bxg3 Qg5 25.Nf1 bxc5 26.bxc5 Nxc5 27.Qe2 Nb3 28.Rd1 Nd4 29.Qd2 Qg6 30.Kf2 Bh6
31.Qb2 h4 32.Bxh4 Nxf3 33.gxf3 Rxf3+ 34.Ke1 Raf8 35.Bf2 Qg2  0-1

[Event "Berliner Sommer"]
[Site "Berlin"]
[Date "1993.??.??"]
[Round "?"]
[White "Shneider, Aleksandr"]
[Black "Kos, Sebastian"]
[Result "0-1"]
[WhiteElo "2560"]
[BlackElo "2205"]

1.d4 Nf6 2.c4 g6 3.Nc3 Bg7 4.e4 d6 5.Be2 O-O 6.Nf3 e5 7.O-O exd4 8.Nxd4 Re8
9.f3 c6 10.Kh1 Nbd7 11.Bg5 Nb6 12.Rc1 Be6 13.b3 Qd7 14.Qd2 a5 15.Rfd1 h5
16.Bh4 a4 17.Qf4 Nh7 18.Nxe6 Rxe6 19.Bf2 Be5 20.Qd2 Qd8 21.c5 Nd7 22.Bc4 Re8
23.Nxa4 Qf6 24.Qc2 h4 25.Bf1 Nxc5 26.Nxc5 dxc5 27.Bxc5 Ng5 28.Bg1 h3 29.Qf2 hxg2+
30.Bxg2 Kg7 31.Rc5 Ne6 32.Rc2 Rh8 33.Bf1 Rh4  0-1

[Event "Bern op"]
[Site "Bern"]
[Date "1993.??.??"]
[Round "2"]
[White "Gloria, Eric"]
[Black "Cvitan, Ognjen"]
[Result "0-1"]
[WhiteElo "2275"]
[BlackElo "2575"]

1.d4 Nf6 2.c4 g6 3.Nc3 Bg7 4.e4 d6 5.Nf3 O-O 6.Be2 e5 7.dxe5 dxe5 8.Qxd8 Rxd8
9.Bg5 Nbd7 10.O-O-O Rf8 11.Nd2 Nc5 12.Be3 Ne6 13.Nb3 Nf4 14.Bf1 Ng4 15.Bc5 Ne6
16.Bxf8 Kxf8 17.Rg1 Nxf2 18.Re1 Ng4 19.Be2 h5 20.h3 Nf6 21.Rd1 c6 22.Rgf1 Ke7
23.Kb1 Bh6 24.c5 Nf4 25.Rf2 a5 26.Bc4 a4 27.Nc1 Ra5 28.b4 axb3 29.Nxb3 Ra8
30.Rdf1 h4 31.Rd1 Ne6 32.Rb2 Bf4 33.a4 Nd7 34.Bxe6 Kxe6 35.a5 Nf6 36.Rd8 Bh6
37.Na4 Ke7 38.Rd3 Be6 39.Nc1 Nxe4 40.Rxb7+ Kf6 41.Nc3 Nxc5 42.Rf3+ Bf5+ 43.Rxf5+ gxf5
44.Rb6 Bxc1 45.Rxc6+ Ne6 46.Kxc1 Rxa5 47.Kd2 Kg5 48.Rc8 Ra1 49.Rg8+ Kh6 50.Nd5 Ra5
51.Nf6 Nf4 52.g4 Ng6  0-1

[Event "Bern op"]
[Site "Bern"]
[Date "1993.??.??"]
[Round "2"]
[White "Van Wely, Loek"]
[Black "Ziger, Silvestar"]
[Result "1-0"]
[WhiteElo "2560"]
[BlackElo "2280"]

1.d4 Nf6 2.c4 g6 3.Nc3 Bg7 4.e4 d6 5.Nf3 O-O 6.Be2 e5 7.O-O Na6 8.Be3 Ng4
9.Bg5 f6 10.Bh4 h5 11.h3 Nh6 12.a3 c6 13.Rc1 Qe7 14.c5 exd4 15.Bxa6 bxa6
16.Nxd4 dxc5 17.Nxc6 Qf7 18.Nd5 Be6 19.Rxc5 f5 20.e5 f4 21.Nce7+ Kh7 22.Nf6+ Kh8
23.Rc7 Rfd8 24.Qc2 Nf5 25.Nxf5 Bxf5 26.Qxf5  1-0

[Event "Biel op"]
[Site "Biel"]
[Date "1993.??.??"]
[Round "2"]
[White "Grooten, Herman"]
[Black "Cvitan, Ognjen"]
[Result "0-1"]
[WhiteElo "2375"]
[BlackElo "2550"]

1.d4 Nf6 2.c4 g6 3.Nc3 Bg7 4.e4 d6 5.Nf3 O-O 6.Be2 e5 7.Be3 Ng4 8.Bg5 f6
9.Bh4 g5 10.Bg3 Nh6 11.dxe5 dxe5 12.Qxd8 Rxd8 13.Nd5 Na6 14.h4 g4 15.Nh2 Be6
16.O-O-O c6 17.Nc3 Rd4 18.f3 gxf3 19.gxf3 Bf8 20.Rdg1 Kf7 21.f4 exf4 22.Bxf4 Nb4
23.Be3 Rxc4 24.Bxc4 Bxc4 25.b3 Be6 26.Rd1 a5 27.Kb2 Ng4 28.Nxg4 Bxg4 29.Rd2 h5
30.Rf1 Ke6 31.a3 Na6 32.Ne2 Nc5 33.Nf4+ Kf7 34.Bxc5 Bxc5 35.Nxh5 Bxh5 36.Rf5 Be3
37.Rd6 Bg4 38.Rfxf6+ Ke7 39.e5 Rg8 40.Rd3 Bc5 41.Rf4 Be6 42.b4 Rg2+ 43.Kc3 Bb6
44.bxa5 Bxa5+ 45.Kd4 Bd2 46.Rf6 Rg4+ 47.Kc5 Ba5 48.Rxe6+ Kxe6 49.Rd6+ Kxe5
50.Rd7 Rg1 51.Re7+ Kf6 52.Rxb7 Rc1+ 53.Kd6 c5 54.Rb5 Bd8 55.Kd5 Be7 56.a4 Rd1+
57.Kc6 c4 58.Rb2 c3 59.Rc2 Bb4 60.Kb5 Rb1 61.Kc4 Rb2 62.Rc1 Kg6 63.Kd3 Kh5
64.Rxc3 Bxc3 65.Kxc3 Ra2 66.Kb4 Kg6 67.Kb5 Kf6 68.a5 Ke7 69.Kb6 Kd7 70.a6 Rb2+
71.Ka7 Kc7 72.Ka8 Rb8+ 73.Ka7 Rb6  0-1

[Event "Biel op"]
[Site "Biel"]
[Date "1993.??.??"]
[Round "5"]
[White "Nemet, Ivan"]
[Black "Garabedian, Vahakn"]
[Result "1-0"]
[WhiteElo "2410"]
[BlackElo "2210"]

1.d4 Nf6 2.c4 g6 3.Nc3 Bg7 4.e4 d6 5.Nf3 O-O 6.Be2 e5 7.O-O Nbd7 8.Re1 c6
9.Bf1 Qe7 10.d5 c5 11.a3 h6 12.b4 b6 13.g3 Kh7 14.Nh4 Ng8 15.Rb1 cxb4 16.axb4 Nb8
17.c5 f5 18.Nb5 bxc5 19.bxc5 Na6 20.Nxd6 Nxc5 21.Nxc8 Raxc8 22.exf5 gxf5
23.Bh3 Qd7 24.Ba3 Rf7 25.Qh5 Nd3 26.Rb7 Qxb7 27.Bxf5+  1-0

[Event "Biel op"]
[Site "Biel"]
[Date "1993.??.??"]
[Round "7"]
[White "Cebalo, Miso"]
[Black "Pfrommer, Christoph"]
[Result "1-0"]
[WhiteElo "2510"]
[BlackElo "2325"]

1.d4 Nf6 2.Nf3 g6 3.c4 Bg7 4.Nc3 O-O 5.e4 d6 6.Be2 e5 7.O-O Nbd7 8.Qc2 c6
9.d5 c5 10.a3 Ne8 11.Bd3 Ndf6 12.b4 b6 13.bxc5 bxc5 14.Rb1 Nh5 15.g3 f5 16.exf5 gxf5
17.Nh4 Qf6 18.Bd2 Nf4 19.Bxf4 exf4 20.Ne2 Bh6 21.Qb2 Qe5 22.gxf4 Qe7 23.Ng2 Nf6
24.Ng3 Ne4 25.Rfe1 Qf7 26.Qc2 Kh8 27.Bxe4 fxe4 28.Qxe4 Bh3 29.f5 Bxg2 30.Kxg2 Bd2
31.Re2 Rae8 32.Qf3 Rxe2 33.Qxe2 Bf4 34.Qe6 Qg7 35.f6 Rxf6 36.Qxf6  1-0

[Event "Biel op"]
[Site "Biel"]
[Date "1993.??.??"]
[Round "8"]
[White "Lisanti, Andre"]
[Black "Valet, Richard"]
[Result "1-0"]
[WhiteElo "2345"]
[BlackElo "2190"]

1.d4 Nf6 2.c4 g6 3.Nc3 Bg7 4.e4 d6 5.Nf3 O-O 6.Be2 e5 7.d5 a5 8.Bg5 h6 9.Bh4 Na6
10.Nd2 Qe8 11.O-O h5 12.a3 Bd7 13.b3 Nh7 14.f3 f5 15.Rb1 g5 16.Bf2 f4 17.b4 axb4
18.axb4 Qg6 19.c5 g4 20.Kh1 g3 21.Bg1 h4 22.Re1 h3 23.Bf1 Ng5 24.c6 hxg2+
25.Bxg2 Bh3 26.Qe2 Qh5 27.Bxh3 Qxh3 28.Qg2 Qh5 29.b5 Nc5 30.Bxc5 dxc5 31.b6 Ra3
32.bxc7 Rxc3 33.cxb7 Rc2 34.c8=Q Rxd2 35.Qxd2 Nxf3 36.Qe6+ Kh7 37.Qg2 Nxe1
38.Qgh3  1-0

[Event "Biel op"]
[Site "Biel"]
[Date "1993.??.??"]
[Round "8"]
[White "Kamp, Christoph"]
[Black "Tkachiev, Vladislav"]
[Result "0-1"]
[WhiteElo "2275"]
[BlackElo "2455"]

1.c4 g6 2.Nc3 Bg7 3.d4 Nf6 4.e4 d6 5.Be2 O-O 6.Nf3 Na6 7.O-O e5 8.Be3 c6
9.dxe5 dxe5 10.Nd2 Qe7 11.a3 Nc5 12.b4 Ne6 13.Qc2 Nd4 14.Bxd4 exd4 15.Na4 Nh5
16.Bxh5 d3 17.Qxd3 Bxa1 18.Rxa1 Rd8 19.Qe3 Qe5 20.Re1 Qxh5 21.f4 Qh4 22.Rf1 Qe7
23.c5 Be6 24.Nb2 b5 25.Nf3 a5 26.Ne5 Qc7 27.Nbd3 f6 28.f5 fxe5 29.fxe6 Rf8
30.Rxf8+ Kxf8 31.Qg5 Kg7 32.bxa5 Re8 33.Qxe5+ Qxe5 34.Nxe5 Rxe6 35.Nd7 Rxe4
36.Nb8 Ra4 37.Nxc6 Rxa3 38.Kf2 Kf7  0-1

[Event "Biel op2"]
[Site "Biel"]
[Date "1993.??.??"]
[Round "9"]
[White "Haar, Wolfgang"]
[Black "Zuelle, Roland"]
[Result "1-0"]
[WhiteElo "1730"]
[BlackElo "1825"]

1.c4 Nf6 2.Nc3 d6 3.d4 g6 4.e4 Bg7 5.Nf3 O-O 6.Be2 e5 7.d5 a5 8.O-O Na6 9.Ne1 Nc5
10.f3 Nh5 11.Be3 b6 12.Nd3 Nxd3 13.Bxd3 Nf4 14.Kh1 Nxd3 15.Qxd3 f5 16.exf5 gxf5
17.g3 Rf7 18.Rg1 Kh8 19.Qd2 Qf8 20.Rae1 Bd7 21.a4 Re8 22.b3 Bc8 23.Rd1 Kg8
24.Rdf1 Rf6 25.Rf2 Qf7 26.Rgf1 Rf8 27.Ne2 Qh5 28.Nc1 Rg6 29.Rg1 Rf7 30.Ne2 Bf8
31.Nc3 Rfg7 32.Ne2 Be7 33.Qc1 Rf7 34.Qd2 Kf8 35.Qc1 Rg8 36.Qd2 Qg6 37.b4 axb4
38.Qxb4 h5 39.a5 Bg5 40.Bxg5 bxa5 41.Qxa5 Qxg5 42.f4 Qe7 43.Rb1 exf4 44.Re1 Qe4+
45.Kg1 Re7 46.Rxf4 Qe3+ 47.Kf1 Re4 48.Qxc7 Rxf4+ 49.Nxf4 Qf3+ 50.Kg1  1-0

[Event "Bled op"]
[Site "Bled"]
[Date "1993.??.??"]
[Round "?"]
[White "Gostisa, Leon"]
[Black "Soln, Primoz"]
[Result "1/2-1/2"]
[WhiteElo "2460"]
[BlackElo "2265"]

1.d4 Nf6 2.Nf3 g6 3.c4 Bg7 4.Nc3 O-O 5.e4 d6 6.Be2 e5 7.Bg5 c6 8.O-O Qe7
9.Qc2 h6 10.Bh4 Nbd7 11.Rfe1 g5 12.Bg3 Nh5 13.Rad1 Nf4 14.Bf1 Kh8 15.b4 a5
16.b5 Rg8 17.bxc6 bxc6 18.Qa4 Bb7 19.c5 exd4 20.cxd6 Qxd6 21.e5 Nxe5 22.Nxd4 Qb4
23.Qxb4 axb4 24.Ne4 Rgd8 25.Bxf4 gxf4 26.Nf5 Rxd1 27.Rxd1 Rxa2 28.Nc5 Ba8
29.Rd8+ Kh7 30.Re8 Rc2 31.Na4 Ra2 32.Nc5 Rc2 33.Na4 Ra2  1/2-1/2

[Event "Bled op"]
[Site "Bled"]
[Date "1993.??.??"]
[Round "?"]
[White "Sher, Miron N"]
[Black "Orel, Oskar"]
[Result "1-0"]
[WhiteElo "2500"]
[BlackElo "2340"]

1.c4 g6 2.d4 Bg7 3.Nc3 Nf6 4.e4 d6 5.Be2 O-O 6.Nf3 e5 7.O-O exd4 8.Nxd4 Re8
9.f3 c6 10.Kh1 Nbd7 11.Nc2 Nb6 12.Bg5 h6 13.Bh4 g5 14.Bf2 Be6 15.b3 d5 16.exd5 cxd5
17.c5 Nbd7 18.Bd4 Nb8 19.Nb5 Nc6 20.Bb2 Qe7 21.Nd6 Red8 22.Nd4 Nxd4 23.Bxd4 Ne8
24.Bxg7 Kxg7 25.Qd4+ Kg8 26.Nxe8 Rxe8 27.f4 f5 28.Bb5 Rf8 29.Rfe1 Qf6 30.Re5 Rad8
31.Rae1 Bf7 32.b4 gxf4 33.Qxf4 d4 34.Rxf5 Qg7 35.Qd2 Bg6 36.Rxf8+ Rxf8 37.Bd3 Bxd3
38.Qxd3 Rf2 39.Qe4 d3 40.Kg1 Rxa2 41.Qd5+ Qf7 42.Re8+ Kg7 43.Qd4+ Kh7 44.Qxd3+ Kg7
45.Qd4+ Kh7 46.Rh8+ Kg6 47.Qd6+  1-0

[Event "Bled op"]
[Site "Bled"]
[Date "1993.??.??"]
[Round "?"]
[White "Cander, Mitja"]
[Black "Tratar, Marko"]
[Result "1/2-1/2"]
[WhiteElo "2205"]
[BlackElo "2290"]

1.d4 Nf6 2.Nf3 g6 3.c4 Bg7 4.Nc3 O-O 5.e4 d6 6.Be2 e5 7.dxe5 dxe5 8.Qxd8 Rxd8
9.Bg5 Nbd7 10.O-O-O Rf8 11.Nd5 c6 12.Ne7+ Kh8 13.Be3 Re8 14.Nxc8 Raxc8 15.c5 Bf8
16.Ng5 Kg8 17.Bc4 Re7 18.f3 h6 19.Nh3 Ree8 20.b4 a5 21.a3 axb4 22.axb4 b6
23.cxb6 Rb8 24.Nf2 Nxb6 25.Bb3 Nbd7 26.Kc2 Rxb4 27.Ng4 Reb8 28.Nxf6+ Nxf6
29.Rb1 c5 30.Bd2 R4b7 31.Rhd1 Nd7 32.Bc3 c4  1/2-1/2